000 00592nam a2200217 a 4500
005 20140414132128.0
008 130604s19uu xx 00 eng d
020 _a0328691119
050 _aTR 372.4
_bF716 201_?
100 _aForesman, Scott
245 _aReader's and Writer's Notebook : Reading Street Grade 2 Volume 2.
250 _aInternational
260 _aUnited States :
_bPearson Education,
_c201_?.
300 _a576
440 _aReading Street
650 _aReading-
650 _aReading-study and teaching
999 _c115254
_d115254